| Tag |
First Indicator |
Second Indicator |
Subfields |
| LEADER |
00000cam a2200000Ia 4500 |
| 001 |
in00002370113 |
| 005 |
20190327170829.0 |
| 006 |
m d |
| 007 |
cr cnu---unuuu |
| 008 |
070319s2007 nyua sb 001 0 eng d |
| 020 |
|
|
|a 9780203967287 (electronic bk.)
|
| 020 |
|
|
|a 0203967283 (electronic bk.)
|
| 035 |
|
|
|a (OCoLC)ocm86069019
|
| 035 |
|
|
|a (OCoLC)86069019
|
| 040 |
|
|
|a N$T
|c N$T
|d YDXCP
|d UtOrBLW
|
| 049 |
|
|
|a IICC
|
| 050 |
1 |
4 |
|a QH442.2
|b .L63 2007eb
|
| 060 |
1 |
4 |
|a 2006 N-990
|
| 060 |
1 |
4 |
|a QU 450
|b L822g 2007
|
| 070 |
1 |
|
|a QH442.2
|b .L63 2007
|
| 082 |
0 |
4 |
|a 660.6/5
|2 22
|
| 100 |
1 |
|
|a Lodge, Julia.
|
| 245 |
1 |
0 |
|a Gene cloning :
|b principles and applications /
|c Julia Lodge, Pete Lund & Steve Minchin.
|
| 264 |
|
1 |
|a New York ;
|a Abingdon [England] :
|b Taylor & Francis Group,
|c [2007]
|
| 264 |
|
4 |
|c ©2007
|
| 300 |
|
|
|a ix, 462 pages :
|b illustrations ;
|c 25 cm.
|
| 336 |
|
|
|a text
|b txt
|2 rdacontent
|
| 337 |
|
|
|a computer
|b c
|2 rdamedia
|
| 338 |
|
|
|a online resource
|b cr
|2 rdacarrier
|
| 504 |
|
|
|a Includes bibliographical references and index.
|
| 505 |
0 |
|
|a Introduction -- Genome organization -- Key tools for gene cloning -- Gene identification and DNA libraries -- Screening DNA libraries -- Further routes to gene identification -- Sequencing DNA -- Bioinformatics -- Production of proteins from cloned genes -- Gene cloning in the functional analysis of proteins -- The analysis of the regulation of gene expression -- The production and uses of transgenic organisms -- Forensic and medical applications.
|
| 533 |
|
|
|a Electronic reproduction.
|b Boulder, Colo. :
|c NetLibrary,
|d 2007.
|n Available via World Wide Web.
|n Access may be limited to NetLibrary affiliated libraries.
|n This edition published in the Taylor & Francis e-Library, 2007.
|
| 500 |
|
|
|a Electronic resource.
|
| 650 |
|
0 |
|a Molecular cloning.
|
| 650 |
1 |
2 |
|a Cloning, Molecular.
|
| 650 |
2 |
2 |
|a Gene Library.
|
| 650 |
2 |
2 |
|a Genomics
|x methods.
|
| 655 |
|
7 |
|a Electronic books.
|2 local
|
| 700 |
1 |
|
|a Lund, Peter A.
|
| 700 |
1 |
|
|a Minchin, Steve.
|
| 710 |
2 |
|
|a NetLibrary, Inc.
|
| 776 |
1 |
|
|c Original
|z 0748765344
|z 9780748765348
|w (DLC) 2006020490
|w (OCoLC)70164475
|
| 856 |
4 |
0 |
|u http://proxy.library.tamu.edu/login?url=http://www.netLibrary.com/urlapi.asp?action=summary&v=1&bookid=184298
|z Connect to the full text of this electronic book
|t 0
|
| 938 |
|
|
|a YBP Library Services
|b YANK
|n 2537410
|
| 994 |
|
|
|a 92
|b IIC
|
| 999 |
|
|
|a MARS
|
| 999 |
f |
f |
|s 376d6abb-4beb-34ec-af7d-c4daf6836002
|i bd5d2d3a-bd34-31d9-821a-b710c25dbc13
|t 0
|
| 952 |
f |
f |
|a Texas A&M University
|b College Station
|c Electronic Resources
|d Available Online
|t 0
|e QH442.2 .L63 2007eb
|h Library of Congress classification
|
| 998 |
f |
f |
|a QH442.2 .L63 2007eb
|t 0
|l Available Online
|